Risk [juego] : juego de la guerra /
Guardado en:
| Formato: | Objeto Físico |
|---|---|
| Publicado: |
Argentina :
Kipo's,
[199?]
|
| Materias: | |
| Etiquetas: |
Agregar Etiqueta
Sin Etiquetas, Sea el primero en etiquetar este registro!
|
| LEADER | 00815nrm a22001695g 4500 | ||
|---|---|---|---|
| 001 | CEM.cems019135 | ||
| 008 | 130507b199?##################0###0#####d | ||
| 005 | 20220829165807.0 | ||
| 003 | CEMS | ||
| 245 | 0 | 0 | |a Risk [juego] : |b juego de la guerra / |c Kipo's Los Juegos Del Mundo. |
| 260 | |a Argentina : |b Kipo's, |c [199?] | ||
| 300 | |a 1 juego (1 tablero, 2 dados blancos, 3 dados naranja, 47 naipes especiales, 300 fichas tres puntas-1 ejército, 30 fichas cinco puntas-10 ejércitos) ; en caja 49 x 30 x 6 cm. + manual de instrucciones. | ||
| 500 | |a Para 2 a 6 jugadores. a partir de 10 años y adultos. objetivo: conquistar la totalidad de los territorios del tablero. | ||
| 082 | 0 | 4 | |a J793.92 |
| 653 | |a 1. juegos de estrategia militar | ||
| 653 | |a 2. juegos de guerra | ||
| 859 | |a CEMS |b BIB. CEMS - Ludoteca |h J793.92 |i K628 |p 033.92 |t Ej.1 | ||
